<?xml version="1.0" encoding="UTF-8"?>
<collection xmlns="http://www.loc.gov/MARC21/slim">
 <record>
  <leader>03298nam a22004575a 4500</leader>
  <controlfield tag="001">EUN.eunm009585</controlfield>
  <controlfield tag="008">250903s2024####ag#o###g######000#m#spa#d</controlfield>
  <controlfield tag="005">20260422141945.0</controlfield>
  <datafield tag="245" ind1="0" ind2="0">
   <subfield code="a">Cuánto dura un temporal :</subfield>
   <subfield code="b">antología.</subfield>
  </datafield>
  <datafield tag="250" ind1=" " ind2=" ">
   <subfield code="a">1a. ed.</subfield>
  </datafield>
  <datafield tag="260" ind1=" " ind2=" ">
   <subfield code="a">Bahía Blanca :</subfield>
   <subfield code="b">Hemisferio Derecho :</subfield>
   <subfield code="b">Elijo leer,</subfield>
   <subfield code="c">2024.</subfield>
  </datafield>
  <datafield tag="300" ind1=" " ind2=" ">
   <subfield code="a">110 p. :</subfield>
   <subfield code="b">fotos col. ;</subfield>
   <subfield code="c">21 cm.</subfield>
  </datafield>
  <datafield tag="500" ind1=" " ind2=" ">
   <subfield code="a">Listado completo de poetas: Carolina Amorosi, Emilia Bianco, Pablo Blackhall, Alfonsina Brion, Omar Chauvié, Chimpa, Lorena Curruhinca, Mariana de Cristófaro, Melisa Depetris, Pablo Duca, Natalia Fiore, María Andrea González, Juani Guerrero, Nicolás Guglielmetti, Pablo Gúngolo, Agustín Hernandorena, Kako, Lourdes López, Milton López, Alberto Mangüello, Matías Matarazzo, Sebastián Morfes, Eva Murari, Oxi, Lucio Peter, Lucas Quiroga, Benjamín Rodríguez, Florencia Rodríguez Aires, Diego Rosake, Gonzalo Ruiz Urban, Alejandra Saguí, Gerónimo Unibaso, Florencia Vissani, Ástor Vitali, Julia Zamora.</subfield>
  </datafield>
  <datafield tag="505" ind1="2" ind2=" ">
   <subfield code="a">Nota editorial / equipo de Elijo Leer -- Prólogo / Sonia Budassi -- Epílogo / Luis Sagasti.</subfield>
  </datafield>
  <datafield tag="520" ind1=" " ind2=" ">
   <subfield code="a">&quot;Estas páginas nos regalan con ternura, urgencia y sabiduría un valioso testimonio polifónico desde el corazón mismo de la destrucción y el miedo. Para entender, para aprender a vivir con esas memorias, saben estas manos generosas aferrarse a las palabras cuando nada da ancla ni cobijo, cuando el viento casi amigo con el que crecimos en nuestra Bahía se vuelve infierno. Entre las ruinas escriben: 'todos queremos contar', 'seguir adelante estallado', 'mucho ruido en el silencio', 'relámpagos invadieron el cielo', 'pájaros muertos en el piso', 'somos las cosas sueltas', 'voy corriendo hacia la muerte', 'los vidrios fueron claros/en su decir violento', 'el viento se lo llevaba y se lo traía', 'ningún lugar era el mío', 'caminar la ciudad arrasada', 'destacar la solidaridad', 'ahora va a haber dos bahías' y tanto, tanto más... Para recuperar la fuerza, para reconstruir, escuchemos estas voces vitales porque, como canta una de ellas en este libro: 'juntos, es menos doloroso'. / Alicia Partnoy, Los Ángeles, octubre 2024&quot;.--Tapa posterior.</subfield>
  </datafield>
  <datafield tag="020" ind1=" " ind2=" ">
   <subfield code="a">9786316607058</subfield>
  </datafield>
  <datafield tag="700" ind1="1" ind2=" ">
   <subfield code="a">Budassi, Sonia,</subfield>
   <subfield code="d">1978-</subfield>
   <subfield code="4">aui</subfield>
  </datafield>
  <datafield tag="700" ind1="1" ind2=" ">
   <subfield code="a">Sagasti, Luis,</subfield>
   <subfield code="d">1963-</subfield>
   <subfield code="4">aft</subfield>
  </datafield>
  <datafield tag="700" ind1="1" ind2=" ">
   <subfield code="a">Guglielmetti, Nicolás,</subfield>
   <subfield code="d">1981-</subfield>
   <subfield code="4">aut</subfield>
  </datafield>
  <datafield tag="700" ind1="1" ind2=" ">
   <subfield code="a">Amorosi, Carolina,</subfield>
   <subfield code="d">1980-</subfield>
   <subfield code="4">aut</subfield>
  </datafield>
  <datafield tag="700" ind1="1" ind2=" ">
   <subfield code="a">Brión, Alfonsina,</subfield>
   <subfield code="d">1984-</subfield>
   <subfield code="4">aut</subfield>
  </datafield>
  <datafield tag="700" ind1="1" ind2=" ">
   <subfield code="a">Chauvié, Omar,</subfield>
   <subfield code="d">1964-</subfield>
   <subfield code="4">aut</subfield>
  </datafield>
  <datafield tag="700" ind1="1" ind2=" ">
   <subfield code="a">Bianco, Emilia.</subfield>
   <subfield code="4">aut</subfield>
  </datafield>
  <datafield tag="700" ind1="1" ind2=" ">
   <subfield code="a">Bianco, Pablo.</subfield>
   <subfield code="4">aut</subfield>
  </datafield>
  <datafield tag="700" ind1="1" ind2=" ">
   <subfield code="a">Chimpa.</subfield>
   <subfield code="4">aut</subfield>
  </datafield>
  <datafield tag="700" ind1="1" ind2=" ">
   <subfield code="a">Curruhinca, Lorena,</subfield>
   <subfield code="d">1981-</subfield>
   <subfield code="4">aut</subfield>
  </datafield>
  <datafield tag="700" ind1="1" ind2=" ">
   <subfield code="a">Cristófaro, Mariana de.</subfield>
   <subfield code="4">aut</subfield>
  </datafield>
  <datafield tag="700" ind1="1" ind2=" ">
   <subfield code="a">Depetris, Melisa,</subfield>
   <subfield code="d">1985-</subfield>
   <subfield code="4">aut</subfield>
  </datafield>
  <datafield tag="700" ind1="1" ind2=" ">
   <subfield code="a">Duca, Pablo,</subfield>
   <subfield code="d">1969-</subfield>
   <subfield code="4">aut</subfield>
  </datafield>
  <datafield tag="700" ind1="1" ind2=" ">
   <subfield code="a">Fiore, Natalia.</subfield>
   <subfield code="4">aut</subfield>
  </datafield>
  <datafield tag="700" ind1="1" ind2=" ">
   <subfield code="a">González, María Andrea,</subfield>
   <subfield code="d">1972-</subfield>
   <subfield code="4">aut</subfield>
  </datafield>
  <datafield tag="700" ind1="1" ind2=" ">
   <subfield code="a">Guerrero, Juani.</subfield>
   <subfield code="4">aut</subfield>
  </datafield>
  <datafield tag="700" ind1="1" ind2=" ">
   <subfield code="a">Gungolo, Pablo,</subfield>
   <subfield code="d">1980-</subfield>
   <subfield code="4">aut</subfield>
  </datafield>
  <datafield tag="700" ind1="1" ind2=" ">
   <subfield code="a">Hernandorena, Agustín,</subfield>
   <subfield code="d">1984-</subfield>
   <subfield code="4">aut</subfield>
  </datafield>
  <datafield tag="700" ind1="1" ind2=" ">
   <subfield code="a">Kako.</subfield>
   <subfield code="4">aut</subfield>
  </datafield>
  <datafield tag="700" ind1="1" ind2=" ">
   <subfield code="a">López, Lourdes,</subfield>
   <subfield code="d">1996-</subfield>
   <subfield code="4">aut</subfield>
  </datafield>
  <datafield tag="710" ind1="2" ind2=" ">
   <subfield code="a">Elijo leer</subfield>
   <subfield code="4">edt.</subfield>
  </datafield>
  <datafield tag="082" ind1="0" ind2="4">
   <subfield code="a">A868.5</subfield>
   <subfield code="2">21</subfield>
  </datafield>
  <datafield tag="650" ind1=" " ind2="7">
   <subfield code="a">Literatura argentina</subfield>
   <subfield code="2">unbist</subfield>
  </datafield>
  <datafield tag="651" ind1=" " ind2="4">
   <subfield code="a">Bahía Blanca [Bahía Blanca, Buenos Aires (Provincia)]</subfield>
  </datafield>
  <datafield tag="859" ind1=" " ind2=" ">
   <subfield code="a">AR-BaUNS</subfield>
   <subfield code="b">BIB. CENTRAL - Sector A</subfield>
   <subfield code="h">A868.5</subfield>
   <subfield code="i">C891</subfield>
   <subfield code="p">129073/025</subfield>
  </datafield>
 </record>
</collection>
